[Event "Karlsruhe Grenke op"]
[Site "Karlsruhe"]
[Date "2024.03.31"]
[Round "6"]
[White "Cofman, Veaceslav"]
[Black "Kopylov, Michael"]
[Result "1-0"]
[WhiteElo "2205"]
[BlackElo "2352"]
[PlyCount "167"]
[EventDate "2024.03.28"]
[EventType "swiss"]
[EventRounds "9"]
[EventCountry "GER"]
[SourceTitle "EXT 2025"]
[Source "ChessBase"]
[SourceDate "2024.10.14"]
[SourceVersion "1"]
[SourceVersionDate "2024.10.14"]
[SourceQuality "1"]

1. e4 d6 2. d4 Nf6 3. Nc3 e5 4. Nf3 Nbd7 5. Bc4 Be7 6. 0-0 0-0 7. Re1 c6 8. a4 h6 9. h3 Re8 10. Be3 exd4 11. Bxd4 Nf8 12. a5 Be6 13. Qd3 Bxc4 14. Qxc4 Ne6 15. Be3 Nd7 16. a6 Qc8 17. axb7 Qxb7 18. Ra2 Bf6 19. Ne2 Nec5 20. Bxc5 Nxc5 21. Ng3 Qb5 22. Qxb5 cxb5 23. Nh5 Be5 24. Nxe5 dxe5 25. Ng3 Red8 26. Ra5 a6 27. b4 Nb7 28. Ra3 Rdc8 29. Rea1 Rc6 30. Nf5 Kf8 31. c4 bxc4 32. b5 Rcc8 33. Rxa6 Rab8 34. Rc6 Nd8 35. Rxc8 Rxc8 36. Nd6 Rb8 37. Nxc4 Rxb5 38. Ra7 Nb7 39. f3 f6 40. h4 Rb4 41. Ne3 Nd6 42. Rd7 Ne8 43. Nf5 Rb2 44. h5 Rb8 45. Kh2 Ra8 46. Kh3 Rc8 47. Kg4 Rc7 48. Rd8 Kf7 49. g3 Ra7 50. Nh4 Ke7 51. Rb8 Nd6 52. Ng6+ Ke6 53. Rb4 Ra6 54. Nh4 Rc6 55. Ra4 Rb6 56. Ra7 Rb7 57. Ra6 Kd7 58. Nf5 Ne8 59. f4 exf4 60. gxf4 Rc7 61. e5 fxe5 62. fxe5 Rc4+ 63. Kf3 Rc6 64. Ra7+ Rc7 65. Ra8 Ke6 66. Ke4 Nf6+ 67. exf6 Kxf6 68. Nd4 Rb7 69. Kf4 g5+ 70. Ke4 Re7+ 71. Kf3 Rf7 72. Kg4 Ke5 73. Nf3+ Kf6 74. Rg8 Rh7 75. Rg6+ Ke7 76. Nd4 Rh8 77. Nf5+ Kf7 78. Nxh6+ Ke7 79. Nf5+ Kf7 80. Kxg5 Kf8 81. Rg7 Rg8 82. Rxg8+ Kxg8 83. Kg6 Kh8 84. Nd6 1-0